000 00631nam a2200265Ia 4500
005 20260306153011.0
008 008 260114s9999 xx 000 0 eng d
020 _a9781009269841
037 _aEBOOK
040 _aCRL
040 _beng
040 _cCRL
041 _2eng
041 _aeng
084 _qCRL
100 _aBaker-Hytch
_91124456
245 0 _aGod and the Problem of Evidential Ambiguity
250 _a1st ed
260 _bCambridge University Press
260 _c2023
650 _aBuddihism
856 _uhttps://doi.org/10.1017/9781009269841
942 _cEBOOK
999 _c1701798
_d1701798